• 首页
  • 本馆介绍
  • 公告通知
  • 最新文献
  • 馆藏检索
  • 电子资源
  • 读者导购
  • 参考咨询
  • 我的图书馆
  • 登录
  • 详细信息显示
  • 放入我的书架
  • 预约/预借图书
  • 作者相关作品
  • 分类相关作品
  • 丛书相关作品
  • 出版社相关作品

书目信息

  • 表格格式
  • 工作单格式
  • 卡片格式
题名:
跨国公司在华研发投资与中国区域自主创新互动发展研究
    
 
作者: 章文光 著
分册:  
出版信息: 北京   中国经济出版社  2019.5
页数: 231页
开本: 24cm
丛书名:
单 册:
中图分类: F276.7
科图分类:
主题词: 跨国公司--kua guo gong si--技术开发--投资--研究--国外 , 区域经济发展--qu yu jing ji fa zhan--国家创新系统--研究--中国
电子资源:
ISBN: 978-7-5136-5552-1
000 01121nam0 2200241 450
001 2158040721
005 20211011172911.0
010    @a978-7-5136-5552-1@dCNY68.00
100    @a20190921d2019 em y0chiy50 ea
101 0  @achi
102    @aCN@b110000
105    @ay z 001yy
106    @ar
200 1  @a跨国公司在华研发投资与中国区域自主创新互动发展研究@Akua guo gong si zai hua yan fa tou zi yu zhong guo qu yu zi zhu chuang xin hu dong fa zhan yan jiu@dA study on the interaction between R&D investment of transnational corporations in China and China's regional independent innovation@f章文光著@zeng
210    @a北京@c中国经济出版社@d2019.5
215    @a231页@d24cm
510 1  @aA study on the interaction between R&D investment of transnational corporations in China and China's regional independent innovation@zeng
606 0  @a跨国公司@Akua guo gong si@x技术开发@x投资@x研究@x国外
606 0  @a区域经济发展@Aqu yu jing ji fa zhan@x国家创新系统@x研究@y中国
690    @aF276.7@v5
701  0 @a章文光@Azhang wen guang@f(1973-)@4著
801  0 @aCN@b百万庄@c20211007
905    @b1307101-04@dF276.7@e1812@f4
    
    跨国公司在华研发投资与中国区域自主创新互动发展研究=A study on the interaction between R&D investment of transnational corporations in China and China's regional independent innovation/章文光著.-北京:中国经济出版社,2019.5
    231页;24cm
    
    
    ISBN 978-7-5136-5552-1:CNY68.00
    
●
相关链接 在E读中查询图书 在五车中查询图书 在当当中查询图书 在豆瓣中查询图书


正题名:跨国公司在华研发投资与中国区域自主创新互动发展研究     索取号:F276.7/1812         预约/预借

序号 登录号 条形码 馆藏地/架位号 状态 备注
1 1307101   213071012   第一样本阅览室/ [索取号:F276.7/1812] 在馆    
2 1307102   213071021   第一借阅区/ [索取号:F276.7/1812] 在馆    
3 1307103   213071030   第一借阅区/ [索取号:F276.7/1812] 在馆    
4 1307104   213071049   第一借阅区/ [索取号:F276.7/1812] 在馆    
唐山师范学院图书馆 欢迎您!
大连网信软件有限公司© 版权所有